Quelques pistes pour l'avenir : un deuxième mouvement de la démarche constructiviste (notice n° 1667434)

détails MARC
000 -LEADER
fixed length control field 02770cam a2200193 4500500
005 - DATE AND TIME OF LATEST TRANSACTION
control field 20260222003326.0
041 ## - LANGUAGE CODE
Language code of text/sound track or separate title fre
042 ## - AUTHENTICATION CODE
Authentication code dc
100 10 - MAIN ENTRY--PERSONAL NAME
Personal name Derouet, Jean-Louis
Relator term author
245 00 - TITLE STATEMENT
Title Quelques pistes pour l'avenir : un deuxième mouvement de la démarche constructiviste
260 ## - PUBLICATION, DISTRIBUTION, ETC.
Date of publication, distribution, etc. 2005.<br/>
500 ## - GENERAL NOTE
General note 33
520 ## - SUMMARY, ETC.
Summary, etc. Résumé Parmi les défis auxquels la sociologie, dans sa vocation critique, fait aujourd’hui face, se trouve celui de la nécessité de produire un sentiment de solidarité entre des acteurs très divers et distants socialement. Dans ce sens, il est désormais insuffisant de dénoncer des injustices, d’établir des inégalités ou de reconnaître les compétences critiques des acteurs. Il faut également, dès la production des connaissances, tenir compte de ce besoin de communication entre acteurs différents mais soumis à des expériences comparables.
520 ## - SUMMARY, ETC.
Summary, etc. Among the challenges that critical sociology now faces, there is the need for greater solidarity between very different and socially distant agents. For that matter we can no longer content ourselves with denouncing injustices, pointing to inequalities or acknowledging the agents’ critical skills. Building bridges between different agents with similar experiences should also be taken into account as soon as knowledge is produced.
520 ## - SUMMARY, ETC.
Summary, etc. Resumen Entre los retos con los que la sociología, en su vocación crítica, ha de enfrentarse, se encuentra la necesidad de producir un sentimiento de solidaridad entre actores muy diversos y socialmente alejados. En este sentido, resulta hoy insuficiente denunciar injusticias, evidenciar desigualdades o reconocer las competencias críticas de los actores. También es necesario, desde la producción de los conocimientos, tomar en cuenta esta necesidad de comunicación entre actores diferentes pero sometidos a experiencias comparables.
520 ## - SUMMARY, ETC.
Summary, etc. Zusammenfassung Unter den Herausforderungen, denen sich die Soziologie, in ihrer kritischen Berufung, heute gegenübersieht, befindet sich die Notwendigkeit, ein Gefühl der Solidarität hervorzurufen zwischen den verschiedenen und sozial entfernten Handelnden. In diesem Sinn ist es von heute an unzureichend, die Ungerechtigkeiten aufzuweisen, Ungleichheiten aufzustellen oder die kritischen Kompetenzen der Handelnden anzuerkennen. Man muss auch gleichzeitig, sobald Wissen produziert wird, das Bedürfnis nach Kommunikation zwischen den verschiedenen Handelnden, die aber vergleichbare Erfahrungen gemacht haben, in Betracht ziehen.
786 0# - DATA SOURCE ENTRY
Note Éducation et Sociétés | 16 | 2 | 2005-12-01 | p. 255-262 | 1373-847X
856 41 - ELECTRONIC LOCATION AND ACCESS
Uniform Resource Identifier <a href="https://shs.cairn.info/revue-education-et-societes-2005-2-page-255?lang=fr&redirect-ssocas=7080">https://shs.cairn.info/revue-education-et-societes-2005-2-page-255?lang=fr&redirect-ssocas=7080</a>

Pas d'exemplaire disponible.

PLUDOC

PLUDOC est la plateforme unique et centralisée de gestion des bibliothèques physiques et numériques de Guinée administré par le CEDUST. Elle est la plus grande base de données de ressources documentaires pour les Étudiants, Enseignants chercheurs et Chercheurs de Guinée.

Adresse

627 919 101/664 919 101

25 boulevard du commerce
Kaloum, Conakry, Guinée

Réseaux sociaux

Powered by Netsen Group @ 2025